Международный терроризм и ЦРУ. Документы, свидетельства, факты: [сборник]

Dettagli Bibliografici
Lingua:russo
Pubblicazione: Минск, Беларусь, 1983
Soggetti:
Natura: MixedMaterials Libro
KOHA link:https://koha.lib.tpu.ru/cgi-bin/koha/opac-detail.pl?biblionumber=305745

MARC

LEADER 00000nam0a2200000 4500
001 305745
005 20231102001829.0
020 |a RU  |b 83-47850 
035 |a (RuTPU)RU\TPU\book\331017 
090 |a 305745 
100 |a 20150930d1983 k y0rusy5003 ca 
101 0 |a rus 
102 |a BY 
105 |a a z 000zy 
200 1 |a Международный терроризм и ЦРУ. Документы, свидетельства, факты  |e [сборник] 
210 |a Минск  |c Беларусь  |d 1983 
215 |a 240 с.  |c ил. 
606 |a Терроризм международный  |x Внешняя политика  |2 stltpush  |3 (RuTPU)RU\TPU\subj\60013  |9 77504 
610 1 |a ЦРУ 
610 1 |a американский империализм 
610 1 |a подрывная деятельность 
610 1 |a документы 
610 1 |a свидетельства 
610 1 |a факты 
686 |a Ф4(0)3  |2 rubbk 
801 0 |a RU  |b RuMRKP  |c 19950704  |g psbo 
801 1 |a RU  |b 63413507  |c 20150930 
801 2 |a RU  |b 63413507  |c 20180905  |g RCR 
942 |c BK